00871nac a22002411u 4500010001600000020001700016082001800033090001500051100003400066245009000100250001200190260004100202300003500243500002000278500002600298504003000324511002600354650005200380650005600432942002000488999001500508952010600523 a 83009340 a0070124582 :00a621.3076bCON c5345d5345 aConstance, John Dennis 10aElectrical engineering for professional engineers' examinations /cJohn D. Constance. a4th ed. aNew York :bMcGraw-Hill,1984cc1984. axxxi, 461 p. :bill. ;c21 cm. aIncludes index. adistributer: Al-Ahram aBibliography: p. 449-451. acatalogued by: wessam 0aElectric engineeringxProblems, exercises, etc. 0aElectric engineeringxExaminations, questions, etc. cBBk621.3076CON c5345d5345 00104070aMAINbMAINc1STd2007-10-24ePurchasel0o621.3076CONp000006683r2025-07-15 00:00:00yBB